त्रिमंगिमा / (Record no. 112994)

MARC details
000 -LEADER
fixed length control field 00929nam a22002537a 4500
005 - DATE AND TIME OF LATEST TRANSACTION
control field 20170124102946.0
010 ## - LIBRARY OF CONGRESS CONTROL NUMBER
LC control number 177375
020 ## - INTERNATIONAL STANDARD BOOK NUMBER
Terms of availability 4.00
035 ## - SYSTEM CONTROL NUMBER
System control number 177375
037 ## - SOURCE OF ACQUISITION
Source of stock number/acquisition Cen Lib/Ret
040 ## - CATALOGING SOURCE
Original cataloging agency DPL
Language of cataloging HN
082 ## - DEWEY DECIMAL CLASSIFICATION NUMBER
Classification number 821
Item number हरिवं
100 ## - MAIN ENTRY--PERSONAL NAME
Personal name हरिवाश्राये बच्चन
9 (RLIN) 9382
245 ## - TITLE STATEMENT
Title त्रिमंगिमा /
Statement of responsibility, etc हरिवाश्राये बच्चन
246 ## - VARYING FORM OF TITLE
Title proper/short title Trimangima /
Remainder of title by Harivanshraye Bachchan
260 ## - PUBLICATION, DISTRIBUTION, ETC. (IMPRINT)
Place of publication, distribution, etc दिल्ली
Name of publisher, distributor, etc राजपाल एंड संस
Date of publication, distribution, etc 1961
270 ## - ADDRESS
City दिल्ली
300 ## - PHYSICAL DESCRIPTION
Extent 241पृ.
Dimensions 17सेमी(सजिल्द )
650 ## - SUBJECT ADDED ENTRY--TOPICAL TERM
Topical term or geographic name as entry element हिंदी साहित्य
General subdivision
Geographic subdivision
9 (RLIN) 50111
650 ## - SUBJECT ADDED ENTRY--TOPICAL TERM
Topical term or geographic name as entry element हिंदी काव्य
9 (RLIN) 50112
650 ## - SUBJECT ADDED ENTRY--TOPICAL TERM
Topical term or geographic name as entry element Hindi literature
9 (RLIN) 50113
650 ## - SUBJECT ADDED ENTRY--TOPICAL TERM
Topical term or geographic name as entry element Hindi poetry
9 (RLIN) 50114
942 ## - ADDED ENTRY ELEMENTS (KOHA)
Source of classification or shelving scheme Dewey Decimal Classification
Koha item type Hindi Books
Classification part 821
Call number suffix हरिवं
Holdings
Withdrawn status Lost status Damaged status Not for loan Home library Current library Date acquired Source of acquisition Cost, normal purchase price Total Checkouts Full call number Barcode Date last seen Copy number Cost, replacement price Price effective from Koha item type
        Central Library Central Library 11/08/2015 Cen Lib/Ret 4.00   821 हरिवं 177375 11/08/2015 1 4.00 11/08/2015 Hindi Books

© Delhi Public Library
Hit Counter
free hit counter